Scottsdale progress

Detalles Bibliográficos
Nuevo Título:Scottsdale progress tribune
Título anterior:Scottsdale daily progress
Formato: Electrónico Periódico
Lenguaje:inglés
Publicado: Scottsdale, Ariz. : Scottsdale Pub., 1986-1993.
Materias:
Acceso en línea:Full text available from Research Library: 12/19/1992 to 08/24/1993

MARC

LEADER 00000nas a22000007a 4500
001 ssj0022804
003 WaSeSS
005 20200512172242.0
006 m d
007 cr n
008 860418d19861993azuwr nes 0 a0eng d
010 |a sn 86013890  
022 |l 0888-0271  |y 0888-0271 
035 |a (WaSeSS)ssj0022804 
037 |b Scottsdale Publishing Inc., P.O. Box 1150, Scottsdale, AZ 85252 
040 |a NSDP  |b eng  |c NSDP  |d Az  |d OCoLC  |d WaSeSS 
042 |a nsdp 
043 |a n-us-az 
130 0 |a Scottsdale progress (Scottsdale, Ariz. : 1986) 
222 0 |a Scottsdale progress 
245 1 0 |a Scottsdale progress  |h [electronic resource]. 
246 1 7 |a Scottsdale (Ariz.) progress 
260 |a Scottsdale, Ariz. :  |b Scottsdale Pub.,  |c 1986-1993. 
310 |a Weekly 
362 0 |a Vol. 26, no. 1 (Feb. 17, 1986)-V. 33, no. 153 (Aug. 14, 1993). 
506 |a License restrictions may limit access. 
651 0 |a Scottsdale (Ariz.)  |v Newspapers. 
651 0 |a Maricopa County (Ariz.)  |v Newspapers. 
655 0 |a Electronic journals. 
752 |a United States  |b Arizona  |c Maricopa  |d Scottsdale. 
780 0 0 |t Scottsdale daily progress  |w (DLC)sn 95060641  |w (OCoLC)10668777 
785 0 0 |t Scottsdale progress tribune  |x 1074-1496  |w (DLC)sn 94003641 
856 4 0 |z Full text available from Research Library: 12/19/1992 to 08/24/1993  |u https://search.proquest.com/publication/43558